ბათუმის შოთა რუსთაველის სახელმწიფო უნივერსიტეტის ბიბლიოთეკა

რუს მწერალთა მოთხრობები (ბიბ.ჩანაწერი № 50259)

000 -LEADER
fixed length control field 00693nam a2200205Ia 4500
001 - CONTROL NUMBER
control field 17197
003 - CONTROL NUMBER IDENTIFIER
control field GE_BSU
008 - FIXED-LENGTH DATA ELEMENTS--GENERAL INFORMATION
fixed length control field 181216s||||||||xx |||||||||||||| ||und||
040 ## - CATALOGING SOURCE
Transcribing agency GE_BSU
080 ## - UNIVERSAL DECIMAL CLASSIFICATION NUMBER
Universal Decimal Classification number 821.161.1-32
245 ## - TITLE STATEMENT
Title რუს მწერალთა მოთხრობები
245 ## - TITLE STATEMENT
Remainder of title კრებული
245 ## - TITLE STATEMENT
Statement of responsibility, etc. თარგმ. ი. ზურაბიშვილისა. რედ. რ. მარგიანი
260 ## - PUBLICATION, DISTRIBUTION, ETC.
Place of publication, distribution, etc. თბილისი
260 ## - PUBLICATION, DISTRIBUTION, ETC.
Name of publisher, distributor, etc. საბლიტგამი
260 ## - PUBLICATION, DISTRIBUTION, ETC.
Date of publication, distribution, etc. 1956
300 ## - PHYSICAL DESCRIPTION
Extent 188გვ. : ილ. ; 22სმ.
653 ## - INDEX TERM--UNCONTROLLED
Uncontrolled term რუს მწერალთა მოთხრობები
942 ## - ADDED ENTRY ELEMENTS (KOHA)
Koha item type წიგნი
ეგზემპლარები
Withdrawn status Lost status Damaged status Not for loan Date acquired Barcode Date last seen Price effective from Koha item type
        2018-12-17 21486 2018-12-17 2018-12-17 წიგნი
        2018-12-17 21487 2018-12-17 2018-12-17 წიგნი
        2018-12-17 21488 2018-12-17 2018-12-17 წიგნი
        2018-12-17 21489 2018-12-17 2018-12-17 წიგნი
        2018-12-17 21490 2018-12-17 2018-12-17 წიგნი
        2018-12-17 21491 2018-12-17 2018-12-17 წიგნი
        2018-12-17 21492 2018-12-17 2018-12-17 წიგნი